Sokrates na rovníku : rodinné reportáže, vzpomínky, zápisky, naděje /

Hlavní autor: Zmeškal, Tomáš, 1966-
Jazyk: Čeština
Vydáno: Praha : Mishkezy, 2013
Vydání: Vyd. 1.
Témata:
Fyzický popis: 195 s. : faksim. ; 21 cm
Knihy
Uloženo v:
LEADER 02087cam a2200529 a 4500
001 nkc20132521979
003 CZ PrNK
005 20260223131507.0
007 ta
008 131114s2013 xr h e 000 0acze d
015 |a cnb002521979 
020 |a 978-80-87886-00-7  |q (váz.)  |z 978-808788600-7 
035 |a (OCoLC)876340864 
040 |a KMG001  |b cze  |d LIA001  |d KLG001  |d OLA001  |d ABA001 
043 |a f-cg--- 
045 |a x-y- 
072 7 |a 913(6)  |x Geografie Afriky, reálie, cestování  |2 Konspekt  |9 7 
072 7 |a 929  |x Biografie  |2 Konspekt  |9 8 
080 |a 821.162.3-051  |2 MRF 
080 |a 929  |2 MRF 
080 |a 910.4  |2 MRF 
080 |a 908(675)  |2 MRF 
080 |a (0:82-94)  |2 MRF 
080 |a (0:82-4)  |2 MRF 
100 1 |a Zmeškal, Tomáš,  |d 1966-  |7 xx0084376  |4 aut 
245 1 0 |a Sokrates na rovníku :  |b rodinné reportáže, vzpomínky, zápisky, naděje /  |c Tomáš Zmeškal 
250 |a Vyd. 1. 
260 |a Praha :  |b Mishkezy,  |c 2013 
300 |a 195 s. :  |b faksim. ;  |c 21 cm 
504 |a Obsahuje bibliografické odkazy 
600 1 7 |a Zmeškal, Tomáš,  |d 1966-  |7 xx0084376  |2 czenas 
648 7 |a 20.-21. století  |7 ch462155  |2 czenas 
650 0 7 |a čeští spisovatelé  |7 ph128175  |y 20.-21. století  |2 czenas 
650 0 7 |a cesty a pobyt  |7 ph137578  |z Konžská demokratická republika  |2 czenas 
650 0 9 |a Czech authors  |y 20th-21st centuries  |2 eczenas 
650 0 9 |a voyages and travels  |z Democratic Republic of the Congo  |2 eczenas 
651 7 |a Konžská demokratická republika  |7 ge134279  |x reálie  |2 czenas 
651 9 |a Democratic Republic of the Congo  |x history and geography  |2 eczenas 
655 7 |a autobiografické vzpomínky  |7 fd131854  |2 czenas 
655 7 |a reportáže  |7 fd133252  |2 czenas 
655 9 |a autobiographical reminiscences  |2 eczenas 
655 9 |a reportage  |2 eczenas 
910 2 |a BOA001  |b 2-1319.641 
990 |a BK 
995 |a 01 
996 6 |b 2610580396  |c 2-1319.641  |l MZK  |r Sklad / do 1 hodiny  |n 2  |p p.v.  |w 001399118  |u 000010  |a 1  |e BOA001  |j MZK50  |s P 
996 7 |b 2610599876  |c 2-1319.641  |l MZK  |r Sklad / do 1 hodiny  |n 10  |p kup  |w 001399118  |u 000020  |a 1  |e BOA001  |j MZK50  |s A